000 00651 a2200205 4500
999 _c4951
_d4951
010 _aENG-86671
020 _c130.00
_a8125028994
035 _aEN-70204
037 _bDBAD / PUB
082 1 4 _a193.092
100 1 _aLemay, Eric
245 1 _aHeidegger for beginners /
_cby Eric Lemay [and] Jennifer A. Pitts; illustrated by Paul Gordon
260 _aChennai
_bOrient Longman
_c2005
270 _a160 Anna Salai
_bChennai
_e600 002
_mchegeneral@orientlongman.com
300 _a118 p
_c23 cm (Pbk)
_bill.
500 _aIncludes index
700 1 _aPitts, Jennifer A
700 1 _aGordon, Paul
942 _adpl
_cEN
_2ddc
_h193.092
_mLEM